Thirukkural: (Record no. 204088)

MARC details
000 -LEADER
fixed length control field 00774nam a2200217 4500
005 - DATE AND TIME OF LATEST TRANSACTION
control field 20240710103213.0
010 ## - LCCN (DPL NO)
LC control number ENG-140869
020 ## - INTERNATIONAL STANDARD BOOK NUMBER
International Standard Book Number 9788123445236
Terms of availability 410.00
035 ## - SYSTEM CONTROL NUMBER
System control number EN-124401
037 ## - SOURCE OF ACQUISITION
Source of stock number/acquisition New Century Book House (P) Ltd.
082 ## - DEWEY DECIMAL CLASSIFICATION NUMBER
Classification number 880
Edition number 1
100 ## - MAIN ENTRY--PERSONAL NAME
Personal name Rajamanickam, A
245 ## - TITLE STATEMENT
Title Thirukkural:
Remainder of title (A Simple English Rendering)/
Statement of responsibility, etc Translated by A Rajamanickam [and] T. Santhi
Medium English
250 ## - EDITION STATEMENT
Edition statement 1
260 ## - PUBLICATION, DISTRIBUTION, ETC. (IMPRINT)
Place of publication, distribution, etc Chennai
Name of publisher, distributor, etc New Century Book House (P) Ltd.
Date of publication, distribution, etc 2023
270 ## - ADDRESS
Address 41-B, SIDCO Industrial Estate, Ambattur
City Chennai
Postal code 600050
Telephone number 04426251968
Electronic mail address info@ncbh.in
300 ## - PHYSICAL DESCRIPTION
Extent vii, 328p.
Dimensions 21cm(pb)
700 ## - ADDED ENTRY--PERSONAL NAME
Personal name Rajamanickam, A
Relator term Translator
9 (RLIN) 68337
700 ## - ADDED ENTRY--PERSONAL NAME
Personal name Santhi, T
Relator term Translator
9 (RLIN) 68338
942 ## - ADDED ENTRY ELEMENTS (KOHA)
Source of classification or shelving scheme Dewey Decimal Classification
Item type English Books
Classification part 880
Call number suffix RAJ
Edition 1
Holdings
Withdrawn status Lost status Not for loan Collection code Home library Current library Date acquired Source of acquisition Cost, normal purchase price Full call number Barcode Copy number Cost, replacement price Koha item type
      Non-fiction Narela Narela 10/07/2024 DBAD 410.00 880 RAJ EN-124401 1 410.00 English Books

© Delhi Public Library
Hit Counter
free hit counter